书目信息 |
| 题名: |
CPR1000核电常规岛工艺设计技术研究
|
|
| 作者: | 杨小华 , 彭雪平 , 罗和雄 , 朱光涛 , 陈娟 , 李刚 编著 | |
| 分册: | ||
| 出版信息: | 武汉 中国地质大学出版社 2008.09 |
|
| 页数: | 161页 | |
| 开本: | 26cm | |
| 丛书名: | ||
| 单 册: | ||
| 中图分类: | TM623.1 | |
| 科图分类: | ||
| 主题词: | 核电站--设计 | |
| 电子资源: | ||
| ISBN: | 978-7-5625-2277-5 | |
| 000 | 01286nam0 2200313 450 | |
| 001 | 004060881 | |
| 005 | 20100813085233.31 | |
| 010 | @a978-7-5625-2277-5@dCNY58.00 | |
| 100 | @a20100515d2008 em y0chiy50 ea | |
| 101 | 0 | @achi |
| 102 | @aCN@b420000 | |
| 105 | @aa a 000yy | |
| 200 | 1 | @aCPR1000核电常规岛工艺设计技术研究@ACPR1000 he dian chang gui dao gong yi she ji ji shu yan jiu@dStudies of CPR1000 nuclear power plant conventional island process engineering@f杨小华 … [等] 编著@Fyang xiao hua…[deng]bian zhu@zeng |
| 210 | @a武汉@c中国地质大学出版社@d2008.09 | |
| 215 | @a161页@c图@d26cm | |
| 304 | @a编著还有:彭雪平、罗必雄、朱光涛、陈娟、李刚等 | |
| 320 | @a有书目 (第161页) | |
| 330 | @a本书内容包括:管道材料选择及规格计算、管系压降计算、流动加速腐蚀、控制阀选型、泵的选型、蒸汽管道疏水、孔板设计、布置设计等。 | |
| 510 | 1 | @aStudies of CPR1000 nuclear power plant conventional island process engineering@zeng |
| 606 | 0 | @a核电站@x设计 |
| 690 | @aTM623.1@v4 | |
| 701 | 0 | @a杨小华@Ayang xiao hua@4编著 |
| 701 | 0 | @a彭雪平@Apeng xue ping@4编著 |
| 701 | 0 | @a罗和雄@Aluo he xiong@4编著 |
| 701 | 0 | @a朱光涛@Azhu guang tao@4编著 |
| 701 | 0 | @a陈娟@Achen juan@4编著 |
| 701 | 0 | @a李刚@Ali gang@4编著 |
| 801 | 0 | @aCN@c20100515 |
| 905 | @dTM623.1@eY300@f4 | |
| CPR1000核电常规岛工艺设计技术研究=Studies of CPR1000 nuclear power plant conventional island process engineering/杨小华 … [等] 编著.-武汉:中国地质大学出版社,2008.09 |
| 161页:图;26cm |
| ISBN 978-7-5625-2277-5:CNY58.00 |
| 本书内容包括:管道材料选择及规格计算、管系压降计算、流动加速腐蚀、控制阀选型、泵的选型、蒸汽管道疏水、孔板设计、布置设计等。 |
| ● |
| 相关链接 |
|
|
|
正题名:CPR1000核电常规岛工艺设计技术研究
索取号:TM623.1/Y300
 
预约/预借
| 序号 | 登录号 | 条形码 | 馆藏地/架位号 | 状态 | 备注 |
| 1 | 1026810 | 210268100 | 期刊室512/301自科库 11排1列5层/ [索取号:TM623.1/Y300] | 在馆 | |
| 2 | 1026811 | 210268119 | 自科库301/301自科库 15排4列1层/ [索取号:TM623.1/Y300] | 在馆 | |
| 3 | 1026812 | 210268128 | 自科库301/301自科库 15排4列1层/ [索取号:TM623.1/Y300] | 在馆 | |
| 4 | 1026813 | 210268137 | 期刊室512/301自科库 11排1列5层/ [索取号:TM623.1/Y300] | 在馆 |